Language Quiz

Random Language or Letter Quiz

Words-in-Words Keymaster Quiz Stats

 Plays Quiz Updated Aug 2, 2017

Challenge
Share
Tweet
Embed
Score 0/35 Timer 07:00
4 Plays Today
% Correct
WORD 1: GASKET
99.5%
G: gate, ...
88.2%
S: seat, ...
83.7%
T: take, ...
83.1%
A: ages, ...
79%
E: east, ...
77.9%
R: race, ...
76.3%
K: kegs, ...
75.2%
L: lace, ...
74.8%
C: core, ...
74.3%
O: oral, ...
72.1%
Word 2: ORACLE
70%
L: lisp, ...
67%
V: vile, ...
66.4%
P: pile, ...
65.9%
A: acre, ...
64.6%
WORD 3: PELVIS
63.6%
S: slip, ...
62.4%
% Correct
M: move, ...
60.4%
T: time ...
60%
I: isle
56.6%
WORD 4: MOTIVE
56.2%
E: earl
55.8%
V: vote, ...
55.8%
E: evil
54.5%
O: omit
50%
I: item
49.2%
M: muse, ...
47.9%
WORD 5: SMUDGE
47.1%
G: gums, ...
46.7%
E: emit
46.5%
S: smug, ...
43.1%
D: dues, ...
41.9%
U: used
36.6%
E: emus
35%

You're not logged in!

Compare scores with friends on all Sporcle quizzes.
Join for Free
OR
Log In

You Might Also Like...

Show Comments

Extras

Top Quizzes Today


Score Distribution

Your Account Isn't Verified!

In order to create a playlist on Sporcle, you need to verify the email address you used during registration. Go to your Sporcle Settings to finish the process.

Report this User

Report this user for behavior that violates our Community Guidelines.

Details: